Curso Bs̀ico de Direito Processual Civil

Detalles Bibliográficos
Autor principal: Dower, Nľson Godoy Bassil
Formato: eBook
Lenguaje:portugués
Publicado: Sô Paulo : Editora NELPA, 2008
Materias:
Acceso en línea:http://www.vlex.com/source/6784

MARC

LEADER 00000nam a22000007a 4500
005 20130122150839.0
007 cr|||| ||||
008 130122e2008 bl |||||s|||| 00||0 por d
020 |a 8588018306 
035 |a 6784 
040 |a vLex 
090 |c 3574  |d 3574 
100 1 0 |a Dower, Nľson Godoy Bassil 
245 1 0 |a Curso Bs̀ico de Direito Processual Civil  |h [Recurso electrn̤ico] 
256 |a Servicio en ln̕ea 
260 |a Sô Paulo :  |b Editora NELPA,   |c 2008 
300 |a 1 Recurso electrn̤ico 
650 0 4 |a Procedimiento civil  |z Brasil 
740 |a vLex Libros (Servicio en ln̕ea) 
856 |a Acceso restringido  |u http://www.vlex.com/source/6784 
942 |c BOOK 
999 0 |a Civil procedure